| 000 | 01159cab a2200217 4500 | ||
|---|---|---|---|
| 001 | ##L133896 | ||
| 008 | 060616n2006 000 0 eng u | ||
| 035 | _a(Sirsi) u133896 | ||
| 041 | 0 | _aeng | |
| 100 | 1 | _aBrewer, Geoff | |
| 245 | 0 | 0 | _aRights and remedies |
| 260 | _c2006 | ||
| 490 | 0 |
_aContract Journal _v433(6578) 7 June 2006, 34(1) |
|
| 520 | _aGives the facts of, and comments upon, "Enterprise Oil Ltd v Strand Insurance Co Ltd" ([2006], EWHC 58 Comm, L133894), where the issue to be decided was whether a settlement agreement can be used to ascertain loss in the context of a subsequent insurance claim. The decision makes it clear that such an agreement is no more than evidence of a loss that may be claimed under an insurance policy. If the agreement is challenged, the question of whether there has been a loss covered by the policy may be decided on extrinsic evidence. | ||
| 590 | _aIKA200606 | ||
| 650 | 2 | 4 | _aENTERPRISE OIL LTD V STRAND INSURANCE CO LTD |
| 650 | 2 | 4 | _aLUMBERMAN'S MUTUAL CASUALTY COMPANY V BOVIS LEND LEASE LTD |
| 651 | 4 |
_aEngland and Wales _y1543- |
|
| 690 | _aMANAGEMENT-BUSINESS MANAGEMENT-INSURANCE | ||
| 942 | _n0 | ||
| 999 |
_c77252 _d77252 |
||